| 000 | 00769nam a2200229 i 4500 | ||
|---|---|---|---|
| 001 | 89748 | ||
| 003 | ES-MaACL | ||
| 005 | 20230906180248.0 | ||
| 007 | t| | ||
| 008 | 050112s1968 sp ||||1| spa d | ||
| 080 | _a658.5 | ||
| 100 | 1 |
_aLauzel, Pierre. _970673 |
|
| 245 | 1 | 3 |
_aEl control de gestión / _cPierre Lauzel ; traductor P. Larrea. |
| 250 | _a2ª ed. | ||
| 260 |
_aMadrid : _bIbérico Europea de Ediciones, _c1968. |
||
| 300 |
_a2 v. : _bil. ; _c22 cm. |
||
| 505 | 8 | _aContiene: 1. La contabilidad analítica y marginal (355 p.) - 2. El control presupuestario y la información en la dirección (404 p.) | |
| 650 | 4 |
_aControl de gestión. _9146119 |
|
| 700 | 1 |
_aLarrea, Pedro. _970335 |
|
| 852 | 4 |
_aES-MaACL _jC-54249-50 |
|
| 852 | 4 |
_aES-MaACL _jG-5555-56 |
|
| 999 |
_c89748 _d89748 |
||